Engineering mechanics statics (Record no. 6384)

MARC details
000 -LEADER
fixed length control field 00736nam a22002297a 4500
003 - CONTROL NUMBER IDENTIFIER
control field OSt
005 - DATE AND TIME OF LATEST TRANSACTION
control field 20251126113101.0
008 - FIXED-LENGTH DATA ELEMENTS--GENERAL INFORMATION
fixed length control field 251126b |||||||| |||| 00| 0 eng d
020 ## - INTERNATIONAL STANDARD BOOK NUMBER
International Standard Book Number 13 : 978-0-495-24483-7.
040 ## - CATALOGING SOURCE
Original cataloging agency DWCL-Main lib
Transcribing agency OC
082 ## - DEWEY DECIMAL CLASSIFICATION NUMBER
Edition number International student ed.
Classification number Circ. 620.103 S726e 2008
100 ## - MAIN ENTRY--PERSONAL NAME
Personal name Soutas-Little, Robert W.
245 ## - TITLE STATEMENT
Title Engineering mechanics statics
Statement of responsibility, etc. Soutas-Little, Robert W.
260 ## - PUBLICATION, DISTRIBUTION, ETC.
Place of publication, distribution, etc. Canada :
Name of publisher, distributor, etc. Thomson,
Date of publication, distribution, etc. c2008.
300 ## - PHYSICAL DESCRIPTION
Extent x, 473 pages :
Other physical details illustration ;
Dimensions 25 cm.
504 ## - BIBLIOGRAPHY, ETC. NOTE
Bibliography, etc. note Includes index.
650 ## - SUBJECT ADDED ENTRY--TOPICAL TERM
Source of heading or term 1. Applied mechanics.
650 ## - SUBJECT ADDED ENTRY--TOPICAL TERM
Source of heading or term 2. Statics.
700 ## - ADDED ENTRY--PERSONAL NAME
Personal name Daniel J. Inman
700 ## - ADDED ENTRY--PERSONAL NAME
Personal name Balint, Daniel S.
942 ## - ADDED ENTRY ELEMENTS (KOHA)
Source of classification or shelving scheme Dewey Decimal Classification
Koha item type Book Circulation
Edition International Student ed.
Call number prefix Circ.
Suppress in OPAC No
952 ## - LOCATION AND ITEM INFORMATION (KOHA)
--
Holdings
Withdrawn status Lost status Source of classification or shelving scheme Damaged status Not for loan Home library Current library Shelving location Date acquired Source of acquisition Total Checkouts Full call number Barcode Date last seen Copy number Price effective from Koha item type Uniform Resource Identifier
    Dewey Decimal Classification     College Library College Library Circulation 06/19/2008 School Fund   Circ. 620.103 S726e 2008 45860 11/26/2025 c1 11/26/2025 BK-CIRC